300 pages : (Record no. 22420)

MARC details
000 -LEADER
fixed length control field 00623cam a22002171a 4500
001 - CONTROL NUMBER
control field f 01000371
003 - CONTROL NUMBER IDENTIFIER
control field DLC
005 - DATE AND TIME OF LATEST TRANSACTION
control field 20260227111237.0
008 - FIXED-LENGTH DATA ELEMENTS--GENERAL INFORMATION
fixed length control field 810918s1869 fr 000 0 fre
010 ## - LIBRARY OF CONGRESS CONTROL NUMBER
LC control number f 01000371
035 ## - SYSTEM CONTROL NUMBER
System control number (OCoLC)7771617
040 ## - CATALOGING SOURCE
Original cataloging agency DLC
Transcribing agency NcWsW
Modifying agency NcWsW
-- DLC
050 00 - LIBRARY OF CONGRESS CALL NUMBER
Classification number PQ2315
Item number .T5 1869
100 1# - MAIN ENTRY--PERSONAL NAME
Personal name Karr, Alphonse,
Dates associated with a name 1808-1890.
245 10 - TITLE STATEMENT
Title 300 pages :
Remainder of title mélanges philosophiques /
Statement of responsibility, etc. par Alphonse Karr.
246 3# - VARYING FORM OF TITLE
Title proper/short title Trois cents pages
250 ## - EDITION STATEMENT
Edition statement Nouv. éd.
260 ## - PUBLICATION, DISTRIBUTION, ETC.
Place of publication, distribution, etc. Paris :
Name of publisher, distributor, etc. M. Lévy frères,
Date of publication, distribution, etc. 1869.
300 ## - PHYSICAL DESCRIPTION
Extent 300 p. ;
Dimensions 19 cm.
500 ## - GENERAL NOTE
General note Half-title : Œuvres complètes.

No items available.

Powered by Koha